000 00317nam a22001337a 4500
008 170821b xxu||||| |||| 00| 0 eng d
020 _a9780321628497
041 _aeng
080 _a51
100 _a37
101 _aMAT
245 _aMY MATH WORKBOOK BASIC MATHEMATICS ALGEBRA
_cBALL.J.J
942 _2udc
_cBK
999 _c24320
_d24320